02243 2201057 4500001002100000005001500021035002000036008004100056245006000097100002100157260003400178300002900212020002200241084001400263082000800277990001200285990001200297990001200309990001200321990001200333990001200345990001200357990001200369990001200381990001200393990001200405990001200417990001200429990001200441990001200453990001200465990001200477990001200489990001200501990001200513990001200525990001200537990001200549990001200561990001200573990001200585990001200597990001200609990001200621990001200633990001200645990001200657990001200669990001200681990001200693990001200705990001200717990001200729990001200741990001200753990001200765990001200777990001200789990001200801990001200813990001200825990001200837990001200849990001200861990001200873990001200885990001200897990001200909990001200921990001200933990001200945990001200957990001200969990001200981990001200993990001201005990001201017990001201029990001201041990001201053990001201065990001201077990001201089990001201101990001201113990001201125990001201137990001201149990001201161990001201173INLIS00000000000147120241015071428 a0010-1024000024241015 0 1 aB. Indonesia Tingkat lanjut Kelas XI /cRahma Purwahida aPurwahida, Rahma aJakarta :bKemendikbud,c2021 a252 hlm. ;c17,6 x 25 cm a978-602-244-741-2 a410 RAH b a410 a0753735 a0753736 a0753737 a0753738 a0753739 a0753740 a0753741 a0753742 a0753743 a0753744 a0753745 a0753746 a0753747 a0753748 a0753749 a0753750 a0753751 a0753752 a0753753 a0753754 a0753755 a0753756 a0753757 a0753758 a0753759 a0753760 a0753761 a0753762 a0753763 a0753764 a0753765 a0753766 a0753767 a0753768 a0753769 a0753770 a0753771 a0753772 a0753773 a0753774 a0753775 a0753776 a0753777 a0753778 a0753779 a0753780 a0753781 a0753782 a0753783 a0753784 a0753785 a0753786 a0753787 a0753788 a0753789 a0753790 a0753791 a0753792 a0753793 a0753794 a0753795 a0753796 a0753797 a0753798 a0753799 a0753800 a0753801 a0753802 a0753803 a0753804 a0753805 a0753806 a0753807 a0753808 a0753809